Bharti Jangi Ezaiym (Record no. 352083)

000 -LEADER
fixed length control field 00469nam a22001817a 4500
003 - CONTROL NUMBER IDENTIFIER
control field OSt
005 - DATE AND TIME OF LATEST TRANSACTION
control field 20180116183107.0
008 - FIXED-LENGTH DATA ELEMENTS--GENERAL INFORMATION
fixed length control field 170830b xxu||||| |||| 00| 0 eng d
020 ## - INTERNATIONAL STANDARD BOOK NUMBER
International Standard Book Number 0
040 ## - CATALOGING SOURCE
Transcribing agency 0
082 ## - DEWEY DECIMAL CLASSIFICATION NUMBER
Classification number 954.6 KHA 1999
100 ## - MAIN ENTRY--PERSONAL NAME
Personal name Erim Khalid
245 ## - TITLE STATEMENT
Title Bharti Jangi Ezaiym
Remainder of title Qayyam e Pakistan-se- Hall Tak
Statement of responsibility, etc. Erim Khalid
260 ## - PUBLICATION, DISTRIBUTION, ETC.
Place of publication, distribution, etc. Lahore Pakistan
Name of publisher, distributor, etc. Nigarshat
Date of publication, distribution, etc. 1999
300 ## - PHYSICAL DESCRIPTION
Extent 264p.
Other physical details HB
440 ## - SERIES STATEMENT/ADDED ENTRY--TITLE
Title Bharti Jangi Ezaiym
942 ## - ADDED ENTRY ELEMENTS (KOHA)
Source of classification or shelving scheme
Koha item type Book
Holdings
Withdrawn status Lost status Source of classification or shelving scheme Damaged status Not for loan Collection code Permanent Location Current Location Shelving location Date acquired Total Checkouts Full call number Barcode Date last seen Date last checked out Price effective from Koha item type
            Central Library (CL) Central Library (CL) General Stacks 08/30/2017 1 954.6 KHA 1999 NBS1071 09/06/2021 08/30/2017 08/30/2017 Book
© 2023 Central Library, National University of Sciences and Technology. All Rights Reserved.